Lectures on the Ramayana, (Record no. 75020)
[ view plain ]
| 000 -LEADER | |
|---|---|
| fixed length control field | 01051cam a22002651 4500 |
| 001 - CONTROL NUMBER | |
| control field | sa 67005183 |
| 003 - CONTROL NUMBER IDENTIFIER | |
| control field | DLC |
| 005 - DATE AND TIME OF LATEST TRANSACTION | |
| control field | 20260227112354.0 |
| 008 - FIXED-LENGTH DATA ELEMENTS--GENERAL INFORMATION | |
| fixed length control field | 790321s1949 ii b 000 0 eng |
| 010 ## - LIBRARY OF CONGRESS CONTROL NUMBER | |
| LC control number | sa 67005183 |
| 035 ## - SYSTEM CONTROL NUMBER | |
| System control number | (OCoLC)4762911 |
| 040 ## - CATALOGING SOURCE | |
| Original cataloging agency | DLC |
| Transcribing agency | MnU |
| Modifying agency | MnU |
| -- | OCoLC |
| -- | DLC |
| 042 ## - AUTHENTICATION CODE | |
| Authentication code | premarc |
| 050 00 - LIBRARY OF CONGRESS CALL NUMBER | |
| Classification number | PK3661.Z9 |
| Item number | S2 1949 |
| 100 2# - MAIN ENTRY--PERSONAL NAME | |
| Personal name | Srinivasa Sastri, V. S. |
| Fuller form of name | (Valangiman Sankaranarayana), |
| Dates associated with a name | 1869-1946 |
| 245 10 - TITLE STATEMENT | |
| Title | Lectures on the Ramayana, |
| Statement of responsibility, etc. | by V. S. Srinivasa Sastri. With a foreword by T. R. Venkatarama Sastri. |
| 250 ## - EDITION STATEMENT | |
| Edition statement | [1st ed. |
| 260 ## - PUBLICATION, DISTRIBUTION, ETC. | |
| Place of publication, distribution, etc. | Madras] |
| Name of publisher, distributor, etc. | Published on behalf of the Madras Samskrit Academy by S. Viswanathan |
| Date of publication, distribution, etc. | [1949] |
| 300 ## - PHYSICAL DESCRIPTION | |
| Extent | ix, xxxii, 500 p. |
| Dimensions | 23 cm. |
| 500 ## - GENERAL NOTE | |
| General note | "A collection of thirty discourses on the Ramayana ... delivered at the Samskrit Academy in 1944." |
| 500 ## - GENERAL NOTE | |
| General note | Includes quotations and selections from Vālmīki's Rāmāyaṇa in Sanskrit. |
| 504 ## - BIBLIOGRAPHY, ETC. NOTE | |
| Bibliography, etc. note | Includes bibliographical references. |
| 600 00 - SUBJECT ADDED ENTRY--PERSONAL NAME | |
| Personal name | Vālmīki. |
| Title of a work | Rāmāyaṇa. |
| 700 0# - ADDED ENTRY--PERSONAL NAME | |
| Personal name | Vālmīki. |
| Title of a work | Rāmāyaṇa. |
No items available.